Statistiques concernant La vie d'Eric Zemmour

Cliquez ici pour prendre le quiz!

Statistiques générales

  • Ce quiz a été pris 5 fois
  • Le résultat moyen est 9 sur 15

Statistiques - réponses

QuestionsRéponses% Correct
Son surnomLe Z
100%
Année de naissance d'Eric Zemmour1958
80%
Année d'intégration à la rédaction du Figaro 1996
80%
Année de sortie de son livre Le Premier Sexe2006
80%
Complète la citation "Tous les musulmans ne sont pas terroristes, seulement ..."Tous les terroristes sont musulmans
80%
Nom du collectif rassemblant les jeunes partisans de ReconquêteGénération Z
80%
Porte-parole de ReconquêteStanislas Rigault
80%
Son pourcentage au premier tour des présidentielles 20227,1%
60%
Expression utilisée par Eric Zemmour lors de ses meetings Ben voyons
60%
Célèbre émission dans laquelle il est chroniqueurCnews
60%
Ville de naissance d'Eric ZemmourMontreuil
60%
Complète la citation "La plupart des trafiquants sont ..."Noirs et arabes
40%
Lieu de son premier meetingZénith de Paris
40%
Date de son annonce officielle de candidature à la présidentielle 202230 novembre 2021
20%
Nom entier d'Eric ZemmourÉric Justin Léon Zemmour
0%

Distribution des résultats

Percentile par nombre de réponses

% des personnes avec chaque résultat

Votre développement - résultats

Vous n’avez pas pris ce quiz